| 000 | 00543nam a22002057a 4500 | ||
|---|---|---|---|
| 003 | LK-CoDNM | ||
| 005 | 20250109151735.0 | ||
| 008 | 250109b |||||||| |||| 00| 0 eng d | ||
| 040 |
_aLK-CoDNM _dLK-CoDNM _eLK-CoDNM |
||
| 041 | _aeng | ||
| 080 |
_a5 _bF27 |
||
| 100 | _apennant, thomas | ||
| 110 | _abeer g,r de f.r.s p,l,s | ||
| 245 |
_aTour on the continent 1765 _bThe ray society |
||
| 260 |
_alondon _bprinted for the society _c1948 |
||
| 300 | _a1788p. : ILL ; 28 CM | ||
| 490 | _vvol i | ||
| 650 | _ascience | ||
| 942 | _cBK | ||
| 999 |
_c235812 _d235812 |
||